Statistics for Consonants In Alphabetical Order Against The Clock

Click here to take the quiz!

General Stats

  • This quiz has been taken 27 times
  • The average score is 19 of 21

Answer Stats

Answer% Correct
N
95%
M
95%
T
95%
S
95%
R
95%
Q
95%
P
95%
V
90%
B
90%
K
90%
J
90%
H
90%
G
90%
F
90%
D
90%
L
86%
C
86%
W
86%
X
86%
Z
86%
Y
81%

Score Distribution

Percentile by Number Answered

Percent of People with Each Score

Your Score History

You have not taken this quiz